Regioni confinanti più estese - Statistics

Statistiche generali
  • Questo quiz è stato fatto 10 volte
  • Il punteggio medio è 15 su 15
Statistiche sulle risposte
Regione Regione confinante più estesa % Corretto
Puglia Campania
100%
Toscana Emilia-Romagna
100%
Abruzzo Lazio
100%
Piemonte Lombardia
100%
Trentino-Alto Adige Lombardia
100%
Liguria Piemonte
100%
Lombardia Piemonte
100%
Basilicata Puglia
100%
Campania Puglia
100%
Molise Puglia
100%
Lazio Toscana
100%
Umbria Toscana
100%
Veneto Lombardia
89%
Marche Toscana
89%
Emilia-Romagna Piemonte
78%
Nessun quiz corrispondente trovato
Distribuzione punteggi
Percentuale di utenti per punteggio
Percentile per numero di risposta
I tuoi punteggi nel tempo
Non hai fatto questo quiz